Normal view
MARC view
- Alexander M.Mood, Franklin A. Graybill, Duane C. Boes
Entry Personal Name
001 - CONTROL NUMBER
- control field: 128956
003 - CONTROL NUMBER IDENTIFIER
- control field: NUST
005 - DATE AND TIME OF LATEST TRANSACTION
- control field: 20250515115626.0
008 - FIXED-LENGTH DATA ELEMENTS
- fixed length control field: 250515|| aca||aabn | a|a d
040 ## - CATALOGING SOURCE
- Original cataloging agency: NUST
- Transcribing agency: NUST
100 ## - HEADING--PERSONAL NAME
- Personal name: Alexander M.Mood, Franklin A. Graybill, Duane C. Boes
670 ## - SOURCE DATA FOUND
- Source citation: Work cat.: (NUST)562418: Alexander M.Mood, Franklin A. Graybill, Duane C. Boes, Introduction to the theory of statistics /, 2010
